[Event "CCL-E005"]
[Site "www.playchess.de"]
[Date "2000.09.04"]
[Round "6"]
[White "JW"]
[Black "lazer"]
[WhiteElo "2000"]
[BlackElo "2000"]
[PlyCount "82"]
[Result "0-1"]

1.d4 Nf6 2.Nf3 e6 3.c4 b6 4.g3 Bb7 5.Bg2 Be7 6.Nc3 
Ne4 7.Bd2 Bf6 8.Qc2 Nxd2 9.Qxd2 d6 10.O-O Nd7 
11.Qc2 Rb8 12.e3 O-O 13.Rfd1 a6 14.Ne4 Qe7 15.d5 
b5 16.cxb5 Bxd5 17.Nxf6+ Nxf6 18.Nd4 Bxg2 19.Kxg2 
Qd7 20.bxa6 c5 21.Nf3 Rb6 22.e4 Qc6 23.Nd2 Rxa6 
24.a3 Rc8 25.Rac1 Qb7 26.f3 d5 27.Rde1 c4 28.exd5 
exd5 29.Nb3 Qb6 30.Nd2 Raa8 31.h3 Rc7 32.Re2 Rb8 
33.Rb1 Rcc8 34.Ree1 Rce8 35.Rxe8+ Rxe8 36.Nf1 Rb8 
37.Nd2 Nd7 38.f4 Nc5 39.Nf3 Nd3 40.b4 Qe3 41.Qa2 
Ra8 0-1

[Event "CCL-E005"]
[Site "www.playchess.de"]
[Date "2000.09.21"]
[Round "10"]
[White "lazer"]
[Black "kentadcomp"]
[WhiteElo "2000"]
[BlackElo "2000"]
[PlyCount "31"]
[Result "1-0"]

1.e4 c5 2.Nf3 e6 3.d4 cxd4 4.Nxd4 Nf6 5.Nc3 Bb4 
6.e5 Ne4 7.Qg4 Nxc3 8.Qxg7 Rf8 9.a3 Nc6 10.axb4 
Nxd4 11.bxc3 Nf5 12.Qf6 Qxf6 13.exf6 Rg8 14.f3 h5 
15.Kf2 Rg6 16.Bd3 1-0

[Event "CCL-E005"]
[Site "www.playchess.de"]
[Date "2000.09.22"]
[Round "5"]
[White "lazer"]
[Black "amadeuss"]
[WhiteElo "2000"]
[BlackElo "2000"]
[PlyCount "41"]
[Result "1-0"]

1.e4 e5 2.Nf3 Nc6 3.Bb5 Nf6 4.O-O Bc5 5.c3 O-O 
6.d4 exd4 7.cxd4 Bb6 8.e5 Nd5 9.Bc4 Nde7 10.d5 Na5 
11.Bd3 Nxd5 12.Bxh7+ Kxh7 13.Ng5+ Kg8 14.Qd3 g6 
15.Qh3 Qxg5 16.Bxg5 d6 17.Qh6 Bd4 18.Nc3 Nxc3 
19.Bf6 Ne2+ 20.Kh1 Bxe5 21.Qg7+ 1-0

[Event "CCL-E004"]
[Site "www.playchess.de"]
[Date "2000.09.23"]
[Round "6"]
[White "Bitmaster"]
[Black "Generalen"]
[WhiteElo "2000"]
[BlackElo "2000"]
[PlyCount "40"]
[Result "0-1"]

1.e4 e6 2.d4 d5 3.e5 c5 4.c3 Nc6 5.Nf3 Bd7 6.Be2 
Nge7 7.Na3 cxd4 8.cxd4 Nf5 9.Nc2 Nb4 10.O-O Nxc2 
11.Qxc2 Qb6 12.Qd3 Rc8 13.Bd2 Bb4 14.Bc3 Be7 15.a4 
O-O 16.Rfc1 f6 17.a5 Qd8 18.Qd2 fxe5 19.Nxe5 Nd6 
20.Bb4 Ne4 0-1

[Event "CCL-E005"]
[Site "www.playchess.de"]
[Date "2000.09.24"]
[Round "3"]
[White "amadeuss"]
[Black "JW"]
[WhiteElo "2000"]
[BlackElo "2000"]
[PlyCount "54"]
[Result "0-1"]

1.e4 e6 2.Nf3 d5 3.c3 dxe4 4.Nd4 Nf6 5.d3 e5 6.Nb3 
Nc6 7.Bg5 Bf5 8.Bxf6 Qxf6 9.dxe4 Bxe4 10.N1d2 
O-O-O 11.Qg4+ Bf5 12.Qa4 Qg6 13.g3 Kb8 14.Bg2 Bc2 
15.Bxc6 bxc6 16.f3 Bc5 17.Qc4 Bb6 18.Qe2 e4 
19.Nxe4 Bxb3 20.axb3 f5 21.Nd2 Rhe8 22.Qxe8 Qxe8+ 
23.Kd1 Qe3 24.Kc1 Rxd2 25.Kb1 Qd3+ 26.Ka2 Qxc3 
27.Rhe1 Qxb2+ 0-1

[Event "CCL-E003"]
[Site "www.playchess.de"]
[Date "2000.09.26"]
[Round "10"]
[White "kentadcomp"]
[Black "Chessgenius"]
[WhiteElo "2000"]
[BlackElo "2000"]
[PlyCount "26"]
[Result "0-1"]

1.d4 Nf6 2.Nf3 g6 3.c4 Bg7 4.Nc3 O-O 5.e4 d6 6.Be2 
e5 7.d5 c6 8.O-O Na6 9.Be3 Qc7 10.a3 Ng4 11.Bg5 h6 
12.Bh4 f5 13.Nd2 Nf6 0-1

[Event "CCL-E005"]
[Site "www.playchess.de"]
[Date "2000.09.27"]
[Round "9"]
[White "kentadcomp"]
[Black "JW"]
[WhiteElo "2000"]
[BlackElo "2000"]
[PlyCount "32"]
[Result "0-1"]

1.c4 e5 2.Nc3 Nf6 3.Nf3 Nc6 4.e4 Bc5 5.Nxe5 Nxe5 
6.d4 Bb4 7.dxe5 Nxe4 8.Qc2 Nxc3 9.bxc3 Bc5 10.Bd3 
Qh4 11.O-O O-O 12.Re1 Re8 13.Re4 Qh5 14.Bf4 b6 
15.Bg3 g5 16.Ree1 Bb7 0-1

[Event "CCL-E007"]
[Site "www.playchess.de"]
[Date "2000.09.30"]
[Round "1"]
[White "lazer"]
[Black "JW"]
[WhiteElo "2402"]
[BlackElo "2000"]
[PlyCount "27"]
[Result "1-0"]

1.e4 e5 2.Nf3 Nf6 3.Nc3 Nc6 4.Bb5 Nd4 5.Nxd4 exd4 
6.e5 dxc3 7.exf6 cxd2+ 8.Bxd2 Qxf6 9.O-O Be7 
10.Bc3 Qg5 11.Re1 O-O 12.Re5 Qh4 13.Rh5 Qf4 
14.Bd3 1-0